000 00554nam a22001937a 4500
005 20251108173716.0
008 250721s9999 xx 000 0 eng d
082 1 4 _aJ/F/ESA
100 1 _aEsawi, Eyad
245 1 0 _aGeneral Rules of Cleanliness /
264 1 _aدمشق :
_bدار الحافظ,
300 _a12.p
490 0 _aNature Tales with : Tareef and Zareefa
_v4
650 1 7 _aSHORT STORIES
653 _aاطفال مرحله متوسطه (6-9) سنوات
700 1 _aAL kassas, Lina
_eمشرف
942 _2ddc
_cBK
999 _c110507
_d110507